Hirakude-Vanch Yochana Ki Kahani (Record no. 18694)

MARC details
000 -LEADER
fixed length control field 00425nam a2200145Ia 4500
008 - FIXED-LENGTH DATA ELEMENTS--GENERAL INFORMATION
fixed length control field 211109s9999||||xx |||||||||||||| ||und||
082 ## - DEWEY DECIMAL CLASSIFICATION NUMBER
Classification number 894.433
Item number AGR-H
100 ## - MAIN ENTRY--PERSONAL NAME
Personal name Agrawal, G D
245 #0 - TITLE STATEMENT
Title Hirakude-Vanch Yochana Ki Kahani
260 ## - PUBLICATION, DISTRIBUTION, ETC.
Name of publisher, distributor, etc. India Govt of Ministry Inform
Place of publication, distribution, etc. New Delhi
Date of publication, distribution, etc. 1957
300 ## - PHYSICAL DESCRIPTION
Extent 112p.
630 ## - SUBJECT ADDED ENTRY--UNIFORM TITLE
General subdivision General Stack
650 ## - SUBJECT ADDED ENTRY--TOPICAL TERM
Topical term or geographic name entry element hindi literature
942 ## - ADDED ENTRY ELEMENTS (KOHA)
Koha item type BOOK
650 ## - SUBJECT ADDED ENTRY--TOPICAL TERM
Form subdivision hindi fictionhindi stories
General subdivision Generalia
Holdings
Withdrawn status Lost status Source of classification or shelving scheme Damaged status Not for loan Home library Current library Date acquired Cost, normal purchase price Full call number Barcode Shelving location Date last seen Price effective from Koha item type
    Dewey Decimal Classification     SB LIBRARY SB LIBRARY 09/11/2021 100.00 894.433 AGR-H 00019375 GENERAL STACK 09/11/2021 09/11/2021 BOOK

Powered by Koha